000
00308nam a2200121Ia 4500
008
190216s9999||||xx |||||||||||||| ||und||
100
_a
Null
245
0
_a
Hindi-Big Prashims Mamsahari Thatha Anp Vijithr Parpayem
260
_b
Poomkavanam Books Publishers
300
_a
128
650
_a
Hindi
942
_c
BK
999
_c
15785
_d
15785